Statistics for NCAA College Basketball Champions

Click here to take the quiz!

General Stats

  • This quiz has been taken 54,622 times
    (9,345 since last reset)
  • The average score is 21 of 36

Answer Stats

Years School % Correct
1991, 1992, 2001, 2010, 2015Duke
97%
1957, 1982, 1993, 2005, 2009, 2017North Carolina
95%
1948, 1949, 1951, 1958, 1978, 1996, 1998, 2012Kentucky
91%
1964, 1965, 1967, 1968, 1969, 1970, 1971, 1972, 1973, 1975, 1995UCLA
90%
1989Michigan
90%
2019Virginia
87%
1985, 2016, 2018Villanova
86%
1952, 1988, 2008Kansas
83%
2006, 2007Florida
83%
1979, 2000Michigan St
82%
1940, 1953, 1976, 1981, 1987Indiana
72%
1999, 2004, 2011, 2014Connecticut
71%
1960Ohio State
69%
2003Syracuse
66%
1980, 1986, 2013Louisville
66%
1939Oregon
64%
1997Arizona
64%
1974, 1983NC State
63%
1984Georgetown
59%
1941Wisconsin
58%
2002Maryland
56%
1990UNLV
55%
1959California
48%
1994Arkansas
46%
1945, 1946Oklahoma A&M
45%
1942Stanford
40%
1944Utah
37%
1966UTEP
36%
1977Marquette
36%
1961, 1962Cincinnati
34%
1955, 1956San Francisco
34%
1963Loyola (Illinois)
24%
1943Wyoming
21%
1950CCNY
19%
1947Holy Cross
19%
1954La Salle
17%

Score Distribution

Percentile by Number Answered

Percent of People with Each Score

Your Score History

You have not taken this quiz since the last reset